| 000 | 00612nam a2200205Ia 4500 | ||
|---|---|---|---|
| 001 | b2878-25107 [4107] | ||
| 003 | IT-MiCISF | ||
| 008 | 161014s9999||||xx |||||||||||||| ||und|| | ||
| 040 |
_aIT-MiCISF _cIT-MiCISF |
||
| 041 | _ait | ||
| 100 | _aBarbiellini Amidei Gaspare | ||
| 245 | 0 | _aNoi ragazzi noi genitori | |
| 250 | _a1a ed. | ||
| 260 |
_a Casale M. (AL) _bPiemme _c1992 |
||
| 300 | _app. 191 | ||
| 500 | _a / genitorialità, rapporti-genitori-figli, comunicazione, crisi-famiglia, scuola, giovani, ideali, comportamento / | ||
| 650 | _agenitorialità | ||
| 942 | _cBK | ||
| 957 | _71 | ||
| 999 |
_a25107 _bsi _g1 _c214550 _d214550 |
||